[Event "Madrid Chamartin op 7th"]
[Site "Madrid"]
[Date "2018.09.07"]
[Round "7"]
[White "Sorribes Calle, Pablo"]
[Black "Porras Fernandez, Alberto"]
[Result "0-1"]
[WhiteElo "1697"]
[BlackElo "1951"]
[PlyCount "100"]
[EventDate "2018.09.03"]
[EventType "swiss"]
[EventRounds "9"]
[EventCountry "ESP"]
[SourceTitle "CBM 187 Extra"]
[Source "ChessBase"]
[SourceDate "2018.11.04"]
[SourceVersion "1"]
[SourceVersionDate "2018.11.04"]
[SourceQuality "1"]

1. e4 c5 2. f4 Nc6 3. Nf3 e6 4. Be2 Nf6 5. d3 b5 6. 0-0 c4 7. e5 cxd3 8. Qxd3 Ng4 9. Nd4 Bc5 10. c3 h5 11. Kh1 Bxd4 12. cxd4 Qh4 13. Bxg4 hxg4 14. h3 gxh3 15. g3 Qg4 16. Kh2 Nb4 17. Qd2 Bb7 18. a3 Nd5 19. Rf2 Ne7 20. Nc3 Nf5 21. Qd3 a6 22. Bd2 Nh6 23. f5 Nxf5 24. Rf4 Qxg3+ 25. Qxg3 Nxg3 26. Rg1 Nf5 27. Ne4 Bxe4 28. Rxe4 Rc8 29. Bc3 g6 30. Rd1 Ne7 31. Rd3 Nd5 32. Ba5 Kf8 33. Rd2 Kg7 34. Rf2 Rcf8 35. Ree2 g5 36. Bd2 Kg6 37. Re1 f5 38. exf6 Nxf6 39. Rfe2 Ng4+ 40. Kg3 h2 41. Rh1 Nh6 42. Rhxh2 Nf5+ 43. Kg2 Rxh2+ 44. Kxh2 Nxd4 45. Rg2 Nf3+ 46. Kg3 Nxd2 47. Rxd2 d5 48. Rc2 Rf6 49. Rc5 Kf5 50. Kf3 Ke5+ 0-1

[Event "Madrid San Viator op 21st"]
[Site "Madrid"]
[Date "2013.09.29"]
[Round "1"]
[White "Sorribes Calle, Pablo"]
[Black "Nunez Miranda, Mario"]
[Result "1-0"]
[WhiteElo "1682"]
[BlackElo "1304"]
[PlyCount "125"]
[EventDate "2013.09.29"]
[EventType "swiss"]
[EventRounds "9"]
[EventCountry "ESP"]
[SourceTitle "EXT 2015"]
[Source "ChessBase"]
[SourceDate "2014.11.20"]
[SourceVersion "1"]
[SourceVersionDate "2014.11.20"]
[SourceQuality "1"]

1. e4 e5 2. Nf3 Nc6 3. Bb5 a6 4. Ba4 Nf6 5. 0-0 Bd6 6. d3 0-0 7. Bg5 Be7 8. h3 Ne8 9. Be3 d6 10. c3 Bd7 11. Nbd2 h6 12. Re1 Nf6 13. Nf1 Nh7 14. Ng3 Ng5 15. Nh2 Be6 16. d4 b5 17. Bc2 b4 18. d5 Bd7 19. dxc6 Bxc6 20. cxb4 d5 21. exd5 Qxd5 22. Qxd5 Bxd5 23. Bc5 Bxc5 24. bxc5 Rfe8 25. Ne4 Nh7 26. g4 Rab8 27. b3 Rb4 28. Re3 Bxe4 29. Bxe4 Ng5 30. Bg2 Ne6 31. Rxe5 Rc8 32. Bb7 Rb8 33. Bxa6 Nf4 34. Re7 Nxh3+ 35. Kf1 Rf4 36. f3 Rd8 37. Ke2 Rfd4 38. Ke3 Nf4 39. Re8+ Rxe8+ 40. Kxd4 Ne6+ 41. Kc3 Nxc5 42. Bc4 Re3+ 43. Kd4 Re7 44. Kxc5 Re5+ 45. Kd4 Re7 46. a4 Rd7+ 47. Kc3 g6 48. a5 h5 49. a6 hxg4 50. Nxg4 Kg7 51. a7 Rd8 52. a8Q Rxa8 53. Rxa8 g5 54. Ra7 Kg6 55. Ne5+ Kh5 56. Bxf7+ Kh6 57. Rxc7 Kg7 58. Ng4 Kh8 59. Bh5 Kg8 60. b4 Kf8 61. b5 Kg8 62. Nf6+ Kh8 63. Rh7# 1-0

[Event "Madrid Codes Memorial 7th"]
[Site "Madrid"]
[Date "2013.05.12"]
[Round "6"]
[White "Ginez Martinez, Andres"]
[Black "Sorribes Calle, Pablo"]
[Result "0-1"]
[WhiteElo "1510"]
[BlackElo "1663"]
[PlyCount "98"]
[EventDate "2013.04.07"]
[EventType "swiss"]
[EventRounds "9"]
[EventCountry "ESP"]
[SourceTitle "EXT 2014"]
[Source "ChessBase"]
[SourceDate "2013.11.20"]
[SourceVersion "1"]
[SourceVersionDate "2013.11.20"]
[SourceQuality "1"]

1. e4 e5 2. Nf3 Nc6 3. Bb5 a6 4. Ba4 Nf6 5. d3 b5 6. Bb3 Be7 7. Bg5 0-0 8. h3 d6 9. Nbd2 Na5 10. Bxf6 Bxf6 11. c3 Nxb3 12. Nxb3 c5 13. c4 Bb7 14. Qe2 Be7 15. 0-0 f5 16. Nbd2 Qc7 17. a4 b4 18. b3 Bc6 19. Rfd1 Bd7 20. Nf1 f4 21. Kh2 g5 22. g4 fxg3+ 23. Nxg3 g4 24. Ng1 gxh3 25. Nf5 Bxf5 26. exf5 Rxf5 27. Nxh3 Kh8 28. Rg1 Raf8 29. Qg4 R5f7 30. Rg2 Bf6 31. Rag1 Qd8 32. Qh5 Qe7 33. Qh6 e4 34. dxe4 Qxe4 35. Rg4 Be5+ 36. f4 Bf6 37. Ng5 Bxg5 38. Qxg5 Qe8 39. f5 Qd8 40. Qh6 Qf6 41. Rg6 Qxf5 42. Rxd6 Qe5+ 43. Kh1 Rf5 44. Rg5 Qe4+ 45. Rg2 Rf1+ 46. Kh2 Qe5+ 47. Kh3 Rh1+ 48. Kg4 Rxh6 49. Rxh6 Qg7+ 0-1

[Event "Madrid Codes Memorial 7th"]
[Site "Madrid"]
[Date "2013.04.07"]
[Round "1"]
[White "Rodriguez Dorado, Victor Manuel"]
[Black "Sorribes Calle, Pablo"]
[Result "1-0"]
[WhiteElo "1924"]
[BlackElo "1663"]
[PlyCount "97"]
[EventDate "2013.04.07"]
[EventType "swiss"]
[EventRounds "9"]
[EventCountry "ESP"]
[SourceTitle "EXT 2014"]
[Source "ChessBase"]
[SourceDate "2013.11.20"]
[SourceVersion "1"]
[SourceVersionDate "2013.11.20"]
[SourceQuality "1"]

1. c4 b6 2. Nc3 e5 3. Nf3 Nc6 4. e3 f5 5. d4 e4 6. Nd2 Nf6 7. d5 Ne5 8. Nb3 Be7 9. Nd4 d6 10. Be2 0-0 11. 0-0 Qe8 12. Ncb5 Bd8 13. a4 a6 14. Nc3 c5 15. dxc6 Nxc6 16. b3 Nxd4 17. Qxd4 Qe5 18. Rd1 Bc7 19. Ba3 Rd8 20. Rac1 Be6 21. Nd5 Qxd4 22. Rxd4 Bxd5 23. cxd5 Rdc8 24. Rc6 b5 25. g3 Ne8 26. g4 g6 27. gxf5 gxf5 28. Rd1 Ba5 29. axb5 axb5 30. Bxb5 Rxc6 31. Bxc6 Rd8 32. b4 Bc7 33. Bb2 Kf7 34. Bd4 Rb8 35. b5 Bb6 36. Bxb6 Rxb6 37. Ra1 Rb8 38. Ra7+ Kg6 39. Re7 Nf6 40. Re6 Kg5 41. h4+ Kxh4 42. Rxf6 Rg8+ 43. Kf1 Kg5 44. Rxd6 f4 45. exf4+ Kxf4 46. Rh6 e3 47. fxe3+ Kf3 48. d6+ Kxe3 49. d7 1-0

[Event "Tres Cantos op 4th"]
[Site "Tres Cantos"]
[Date "2012.06.24"]
[Round "4"]
[White "Sorribes Calle, Pablo"]
[Black "Jarne Anguita, Miguel"]
[Result "1-0"]
[WhiteElo "1692"]
[BlackElo "1327"]
[PlyCount "95"]
[EventDate "2012.06.21"]
[EventType "swiss"]
[EventRounds "9"]
[EventCountry "ESP"]
[SourceTitle "CBM 149 Extra"]
[Source "ChessBase"]
[SourceDate "2012.08.24"]
[SourceVersion "1"]
[SourceVersionDate "2012.08.24"]
[SourceQuality "1"]

1. d4 d5 2. c4 Nf6 3. cxd5 Nxd5 4. e4 Nf6 5. Nc3 e6 6. Nf3 Bb4 7. Bd3 0-0 8. Bg5 Be7 9. Qc2 b6 10. Bxf6 Bxf6 11. e5 Be7 12. Bxh7+ Kh8 13. Be4 c6 14. 0-0 Bb7 15. Rad1 Nd7 16. a3 Qc7 17. b4 a5 18. Rb1 Rfc8 19. Qe2 Rcb8 20. Rfc1 Qd8 21. Nd2 g6 22. f4 Qf8 23. Nc4 axb4 24. axb4 Bxb4 25. Rb3 b5 26. Ne3 Ra7 27. Qf3 Rc8 28. Rcb1 Be7 29. Nxb5 Ra4 30. Nc3 Rxd4 31. Rxb7 Nc5 32. R7b2 Nd3 33. Bxd3 Rxd3 34. Ne4 Qd8 35. Rd1 Rxd1+ 36. Qxd1 Qxd1+ 37. Nxd1 Rd8 38. Rd2 Bc5+ 39. Kf1 Rxd2 40. Nxd2 Kg8 41. Ne4 Bb6 42. Ke2 c5 43. Kd3 Kh7 44. Kc4 Kh6 45. Ne3 Kh5 46. Kb5 Ba7 47. Ka6 Bb8 48. Kb7 1-0

[Event "Madrid Codes op 6th"]
[Site "Madrid"]
[Date "2012.06.03"]
[Round "8.13"]
[White "Sorribes Calle, Pablo"]
[Black "Lianes Garcia, Marcos"]
[Result "0-1"]
[WhiteElo "1660"]
[BlackElo "1568"]
[PlyCount "110"]
[EventDate "2012.04.15"]
[EventType "swiss"]
[EventRounds "9"]
[EventCountry "ESP"]
[SourceTitle "EXT 2024"]
[Source "ChessBase"]
[SourceDate "2023.10.10"]
[SourceVersion "1"]
[SourceVersionDate "2023.10.10"]
[SourceQuality "1"]

1. d4 d5 2. c4 e6 3. Nc3 Nf6 4. Bg5 Nbd7 5. e3 Be7 6. Bd3 dxc4 7. Bxc4 Nb6 8. Bb3 c6 9. Nge2 Bd7 10. 0-0 Nfd5 11. Bxe7 Qxe7 12. Ne4 Nf6 13. Nc5 Bc8 14. Rc1 Nbd7 15. Qd3 Nxc5 16. Rxc5 h6 17. Ba4 Nd7 18. Rc3 Nb6 19. Bb3 Bd7 20. a3 Rc8 21. Rfc1 0-0 22. Ba2 Rfd8 23. Bb1 g6 24. Qe4 Nd5 25. R3c2 Qf6 26. Qd3 Qg7 27. e4 Ne7 28. Qb3 Rc7 29. Qb4 Bc8 30. Ba2 Rcd7 31. Re1 b6 32. Qa4 a6 33. b4 b5 34. Qb3 Bb7 35. Rc5 Nc8 36. a4 Nd6 37. Qc2 bxa4 38. f3 Nb5 39. Rxb5 axb5 40. Rd1 Qf8 41. Qc3 e5 42. d5 cxd5 43. Qxe5 Qxb4 44. Qg3 Qe7 45. Nf4 Kh7 46. Bb1 dxe4 47. Re1 Rd1 48. h4 Rxe1+ 49. Qxe1 Qc5+ 50. Kh2 Qc7 51. g3 Qd7 52. Bxe4 Qd2+ 53. Qxd2 Rxd2+ 54. Kh3 Bxe4 55. fxe4 a3 0-1

[Event "Madrid Codes Memorial 5th"]
[Site "Madrid"]
[Date "2011.05.15"]
[Round "5"]
[White "Sorribes Calle, Pablo"]
[Black "Salgado Duarte, Pablo"]
[Result "1-0"]
[WhiteElo "1683"]
[BlackElo "1554"]
[PlyCount "43"]
[EventDate "2011.04.10"]
[EventType "swiss"]
[EventRounds "9"]
[EventCountry "ESP"]
[SourceTitle "EXT 2013"]
[Source "ChessBase"]
[SourceDate "2012.11.22"]
[SourceVersion "1"]
[SourceVersionDate "2012.11.22"]
[SourceQuality "1"]

1. d4 Nf6 2. Nf3 d5 3. c4 Nc6 4. Nc3 Bf5 5. e3 e6 6. a3 Be7 7. cxd5 Nxd5 8. Bd3 Nxc3 9. bxc3 Bg4 10. Be4 Qd6 11. 0-0 f5 12. Bd3 0-0 13. Be2 Bxf3 14. Bxf3 Bg5 15. a4 Qd7 16. a5 a6 17. Qa4 Rab8 18. Ba3 Rfe8 19. Rab1 Red8 20. Rxb7 Qc8 21. Qxc6 Rd6 22. Bxd6 1-0

[Event "Madrid Codes Memorial 5th"]
[Site "Madrid"]
[Date "2011.05.08"]
[Round "4"]
[White "Vazquez Moreno, Luis"]
[Black "Sorribes Calle, Pablo"]
[Result "1-0"]
[WhiteElo "1729"]
[BlackElo "1683"]
[PlyCount "75"]
[EventDate "2011.04.10"]
[EventType "swiss"]
[EventRounds "9"]
[EventCountry "ESP"]
[SourceTitle "EXT 2013"]
[Source "ChessBase"]
[SourceDate "2012.11.22"]
[SourceVersion "1"]
[SourceVersionDate "2012.11.22"]
[SourceQuality "1"]

1. e4 e5 2. Nf3 Nc6 3. d4 exd4 4. Nxd4 Qf6 5. Be3 Bc5 6. Nb5 Bxe3 7. fxe3 Kd8 8. N1c3 Nge7 9. Be2 a6 10. Nd4 Ne5 11. Qd2 d6 12. 0-0-0 Bd7 13. Rdf1 Qg6 14. g4 h6 15. Nf5 Bc6 16. Rhg1 f6 17. h4 Nxf5 18. gxf5 Qf7 19. Qd1 Kd7 20. Rg2 h5 21. Rfg1 Rag8 22. Kb1 g6 23. fxg6 Rxg6 24. Rxg6 Nxg6 25. Bxh5 Rxh5 26. Qxh5 Ne5 27. Qf5+ Kd8 28. Nd5 Bxd5 29. exd5 Qxd5 30. Qxf6+ Kd7 31. Qf5+ Kc6 32. h5 Qd2 33. Qe4+ Kd7 34. h6 Qf2 35. Rg7+ Ke6 36. b3 Qf6 37. Qh7 Nc6 38. Rg6 1-0